Top Goalscorers For Real Sociedad Since 2000 - Statistics

General Stats
  • This quiz has been taken 40 times
  • The average score is 13 of 25
Answer Stats
# Goals Years Nat. Answer % Correct
1 114 2015- 🇪🇸 Mikel Oyarzabal
94%
17 23 2022- 🇯🇵 Take Kubo
86%
9 44 2019-2022 🇸🇪 Alexander Isak
83%
8 52 2009-2014 🇫🇷 Antoine Griezmann
81%
2 73 2011-2018 🇲🇽 Carlos Vela
81%
3 62 2016-2021 🇧🇷 Willian José
81%
16 24 2021-2023 🇳🇴 Alexander Sørloth
72%
14 27 2018-2024 🇪🇸 Mikel Merino
72%
18 22 2017-2022 🇧🇪 Adnan Januzaj
69%
6 57 2002-2006 🇹🇷 Nihat Kahveci
53%
5 58 2003-2018 🇪🇸 Xabi Prieto
53%
7 54 2001-2007 🇷🇸 Darko Kovačević
50%
4 59 2004-'07, 2007-'18 🇪🇸 Imanol Agirretxe
44%
15 25 2018- 🇪🇸 Ander Barrenetxea
42%
13 28 2022- 🇪🇸 Brais Méndez
42%
22 18 2019-2022 🇪🇸 Portu
39%
20 20 2002-2005 🇷🇺 Valeriy Karpin
36%
18 22 2008-2020 🇪🇸 David Zurutuza
33%
23 17 2011-2018 🇪🇸 Iñigo Martínez
33%
11 31 2016-2019 🇪🇸 Juanmi
31%
21 19 2000-2002 🇱🇹 Edgaras Jankauskas
25%
23 17 2000-2004 🇪🇸 Francisco De Pedro
22%
12 30 2000-2012 🇪🇸 Mikel Aranburu
22%
10 34 2000-2006 🇪🇸 Óscar De Paula
17%
25 16 2000-2006 🇪🇸 Igor Gabilondo
6%
No matching quizzes found
Score Distribution
Percent of People with Each Score
Percentile by Number Answered
Your Score History
You have not taken this quiz